Bharat Ratan Rajeev Gandhi / (Record no. 30525)

MARC details
000 -LEADER
fixed length control field 00939nam a22002537a 4500
005 - DATE AND TIME OF LATEST TRANSACTION
control field 20090922104223.0
008 - FIXED-LENGTH DATA ELEMENTS--GENERAL INFORMATION
fixed length control field 090922t xxu||||| |||| 00| 0 eng d
010 ## - LCCN (DPL NO)
LC control number B-358140
020 ## - INTERNATIONAL STANDARD BOOK NUMBER
International Standard Book Number 8178820730
Terms of availability 150.00
035 ## - SYSTEM CONTROL NUMBER
System control number B-358140
037 ## - SOURCE OF ACQUISITION
Source of stock number/acquisition DBAD / PUB
040 ## - CATALOGING SOURCE
Original cataloging agency dpl
Language of cataloging English
082 ## - DEWEY DECIMAL CLASSIFICATION NUMBER
Classification number 921
100 ## - MAIN ENTRY--PERSONAL NAME
Personal name Varshney, Gillesh
245 ## - TITLE STATEMENT
Title Bharat Ratan Rajeev Gandhi /
Statement of responsibility, etc by Gillesh Varshney; illustrated by Shankar Nayak
260 ## - PUBLICATION, DISTRIBUTION, ETC. (IMPRINT)
Place of publication, distribution, etc Delhi
Name of publisher, distributor, etc Surinder Kumar & Sons
Date of publication, distribution, etc 2007
270 ## - ADDRESS
Address 30/21A-22A, Gali No. 9, Vishwas Nagar, Shahdra
City Delhi
Postal code 110032
300 ## - PHYSICAL DESCRIPTION
Extent 157p.:
Other physical details ill.
Dimensions 22cm(Hb)
650 ## - SUBJECT ADDED ENTRY--TOPICAL TERM
Topical term or geographic name as entry element Gandhi, Rajiv
Active dates 1944-1991
650 ## - SUBJECT ADDED ENTRY--TOPICAL TERM
Topical term or geographic name as entry element Prime minister
General subdivision Biography
Geographic subdivision India
700 ## - ADDED ENTRY--PERSONAL NAME
Personal name Nayak, Shankar
942 ## - ADDED ENTRY ELEMENTS (KOHA)
Source of classification or shelving scheme Dewey Decimal Classification
Item type Children Books
Classification part 921
Call number suffix GAN
Holdings
Withdrawn status Lost status Source of classification or shelving scheme Damaged status Not for loan Collection code Home library Current library Date acquired Source of acquisition Cost, normal purchase price Total Checkouts Total Renewals Full call number Barcode Date last seen Copy number Cost, replacement price Koha item type
    Dewey Decimal Classification     Non-fiction Janak Puri Janak Puri 22/09/2009 DBAD / PUB 150.00 11 1 921 GAN B-358140 07/08/2013 1 150.00 Children Books

© Delhi Public Library
Hit Counter
free hit counter